"Globalization" and relocation in a vertically differentiated industry

Enregistré dans:
Détails bibliographiques
Auteur principal: Cordella, Tito
Autres auteurs: Grilo, Isabel
Format: Livre
Langue:anglais
Publié: Washington IMF 1998
Collection:IMF Working Paper 48
Sujets:
Tags: Ajouter un tag
Pas de tags, Soyez le premier à ajouter un tag!

MARC

LEADER 00000nam a2200000 4500
001 c102593
005 20221221082511.0
041 0 |a eng 
044 |a US 
245 1 0 |a "Globalization" and relocation in a vertically differentiated industry  |c Tito Cordella and Isabel Grilo 
264 1 |a Washington  |b IMF  |c 1998 
300 |a 20 s. 
490 1 |a IMF Working Paper  |v 48 
830 0 |a IMF Working Paper  |v 48 
610 2 0 |a globalizácia hospodárstva 
610 2 0 |a priemysel 
610 2 0 |a blahobyt 
100 1 |a Cordella, Tito 
700 1 |a Grilo, Isabel